000 01427cam a2200349 4500
008 041208n2004 000 0 eng u
020 _a1860816975
035 _a(Sirsi) u128244
041 _aeng
050 _a693.97
_c18
100 _aHarrison, Harry
245 _aNon-traditional houses
_bidentifying non-traditional houses in the UK 1918-75
260 _aGarston
_bBRE
_c2004
300 _axli, 948p.
_bill.
_c24cm.
350 _a270
490 _aBRE
_v469
520 _aThis comprehensive and fully illustrated text on non-traditional houses identifies 450 house types classified by the following forms of construction: metal framed houses; precast concrete houses; in-situ concrete houses; and timber framed houses. Also provides extensive background information, details of designated defective houses, and an index of all house names and alternative names. Further reading.
650 _aNON TRADITIONAL HOUSING
650 _aTIMBER-FRAMED HOUSES
650 _aIN-SITU CONCRETE
650 _aPRECAST CONCRETE
650 _aHOUSING TYPES
650 _aMETAL FRAMED HOUSES
690 _aBUILT ENVIRONMENT-CONSTRUCTION DESIGN
700 _aMullin, Stephen
700 _aReeves, Barry
700 _aStevens, Alan
710 _aBuilding Research Establishment
710 _aUnited Kingdom
_bOffice of the Deputy Prime Minister
710 _aBuilding Research Housing Group
_94665
942 _n0
999 _c103879
_d103879